000 00673nam a2200253 i 4500
001 C2-0278365
003 PPAK
005 20180728010030.0
008 070319s2007 my |||| ||||| | may d
020 _a9831952499
040 _aPPAK
_beng
_cPPAK
_erda
082 0 4 _a900
_223
090 0 0 _a900
_bISH
_dG
090 0 0 _a900
_bISH
_dKMI
100 0 _aIshak Saat,
_eauthor
245 1 0 _aIlmu sejarah antara tradisi & moden
264 1 _aShah Alam, Selangor :
_bKarisma Publications ,
_c2007
300 _av, 188 pages ;
_c21 cm
336 _2rdacontent
_atext
337 _2rdamedia
_aunmediated
338 _2rdacarrier
_avolume
650 1 0 _aHistory.
942 _ddc
_cB
999 _c85321
_d85321